| 000 | 00492nam a2200217 454500 | ||
|---|---|---|---|
| 001 | 064230 | ||
| 003 | BD-ChCU | ||
| 008 | Eng | ||
| 020 | _ax | ||
| 040 |
_aDLC _cDLC _dBD-ChCU |
||
| 082 | 0 | 0 | _a183/COB |
| 100 | 1 |
_aCornford, Francis Macdonald. _bx |
|
| 245 | 1 | 0 |
_aBefore and after Socrates _bx |
| 250 | _ax | ||
| 260 |
_ax _bCambridge Univ. Press _c1966 |
||
| 300 | _a113 | ||
| 504 | _ax | ||
| 650 | 0 |
_aPhilosophy, Greek. _bPhilosophy, Greek. |
|
| 700 | 1 | _ax | |
| 942 |
_2ddc _cBK |
||
| 999 |
_c64230 _d64230 |
||